[Event "EU-ch Online U12"]
[Site "Tornelo INT"]
[Date "2020.09.18"]
[Round "3"]
[White "Robertson, Callum"]
[Black "Oruzinsky, Juraj"]
[Result "0-1"]
[WhiteElo "1601"]
[BlackElo "1391"]
[PlyCount "82"]
[EventDate "2020.09.18"]
[EventType "swiss (rapid)"]
[EventRounds "9"]
[EventCountry "NET"]
[SourceTitle "EXT 2023"]
[Source "ChessBase"]
[SourceDate "2022.10.05"]
[SourceVersion "1"]
[SourceVersionDate "2022.10.05"]
[SourceQuality "1"]
[WhiteTeam "Schottland"]
[BlackTeam "Slovakia"]
[WhiteTeamCountry "SCO"]
[BlackTeamCountry "SVK"]

1. d4 d5 2. c4 e6 3. Nc3 Nf6 4. cxd5 exd5 5. Bg5 Bb4 6. e3 0-0 7. Bd3 h6 8. Bh4 Nc6 9. Nf3 Bg4 10. h3 Bh5 11. 0-0 a6 12. Bxf6 gxf6 13. a3 Bxc3 14. bxc3 Kh8 15. Be2 Rg8 16. Nh4 Bxe2 17. Qxe2 Qd7 18. Qh5 Kh7 19. Qf5+ Qxf5 20. Nxf5 Rg5 21. g4 Rag8 22. Kh2 Re8 23. Rab1 b6 24. Kg3 Na5 25. h4 Rgg8 26. Kh3 Nc4 27. a4 Nd2 28. a5 b5 29. Rfd1 Nxb1 30. Rxb1 Re4 31. Rg1 h5 32. f3 hxg4+ 33. fxg4 Rge8 34. g5 Kg6 35. Rf1 fxg5 36. h5+ Kxh5 37. Ng7+ Kg6 38. Nxe8 Rxe3+ 39. Kg4 Rxe8 40. Rh1 Re3 41. Rh8 f5# 0-1

[Event "SVK-ch U12"]
[Site "Lubovna"]
[Date "2020.08.21"]
[Round "8"]
[White "Mantic, Andrej"]
[Black "Oruzinsky, Juraj"]
[Result "1/2-1/2"]
[WhiteElo "1147"]
[BlackElo "1411"]
[PlyCount "105"]
[EventDate "2020.08.15"]
[EventType "swiss"]
[EventRounds "9"]
[EventCountry "SVK"]
[SourceTitle "EXT 2021"]
[Source "ChessBase"]
[SourceDate "2020.10.23"]
[SourceVersion "1"]
[SourceVersionDate "2020.10.23"]
[SourceQuality "1"]

1. Nf3 d5 2. d4 Nf6 3. Nc3 Bf5 4. g3 e6 5. Bg2 c5 6. 0-0 Nc6 7. a3 cxd4 8. Nxd4 Nxd4 9. Qxd4 Bxc2 10. Bf4 a6 11. Rac1 Bf5 12. Rfd1 Be7 13. e4 Bg4 14. Rd2 0-0 15. exd5 exd5 16. Nxd5 Nxd5 17. Qxd5 Qxd5 18. Rxd5 Rac8 19. Rxc8 Rxc8 20. h3 Be6 21. Rd3 g5 22. Be3 Rc7 23. Bb6 Rc2 24. b4 Bc8 25. Re3 Kf8 26. Be4 Rc1+ 27. Kg2 f5 28. Bd3 Bd7 29. Bxf5 Bc6+ 30. Be4 Bxe4+ 31. Rxe4 Kf7 32. Rd4 Ke6 33. Re4+ Kf7 34. Kf3 Rc6 35. Bd4 Rc1 36. Kg4 Rc4 37. Kf5 h5 38. Be3 Rxe4 39. Kxe4 Ke6 40. f4 gxf4 41. Bxf4 a5 42. Bd2 a4 43. Kf3 Bf6 44. Bc1 b5 45. g4 hxg4+ 46. Kxg4 Kd5 47. Kf5 Bh4 48. Kf4 Kc4 49. Ke5 Be1 50. Kd6 Bg3+ 51. Kc6 Bh4 52. Bf4 Bf6 53. Bc1 1/2-1/2

[Event "SVK-ch U12"]
[Site "Lubovna"]
[Date "2020.08.19"]
[Round "6"]
[White "Elias, David"]
[Black "Oruzinsky, Juraj"]
[Result "1-0"]
[WhiteElo "1781"]
[BlackElo "1411"]
[PlyCount "59"]
[EventDate "2020.08.15"]
[EventType "swiss"]
[EventRounds "9"]
[EventCountry "SVK"]
[SourceTitle "EXT 2021"]
[Source "ChessBase"]
[SourceDate "2020.10.23"]
[SourceVersion "1"]
[SourceVersionDate "2020.10.23"]
[SourceQuality "1"]

1. Nf3 d5 2. c4 e6 3. g3 Nf6 4. b3 c5 5. cxd5 exd5 6. Bg2 Nc6 7. 0-0 Bg4 8. Bb2 Be7 9. d4 0-0 10. Nbd2 Rc8 11. h3 Be6 12. Kh2 b6 13. e3 Bd6 14. Qe2 Qc7 15. dxc5 bxc5 16. Bxf6 gxf6 17. e4 d4 18. Rac1 a5 19. Ne1 Ne5 20. f4 Nc6 21. Ndf3 Bxf4 22. Rxc5 Bxg3+ 23. Kh1 Qd6 24. Rh5 Ne5 25. Nxe5 Bxe5 26. Qd2 Rfe8 27. Qh6 Rc3 28. Bf3 Rec8 29. Rg1+ Bg3 30. e5 1-0

[Event "SVK-ch U12"]
[Site "Lubovna"]
[Date "2020.08.17"]
[Round "3"]
[White "Oruzinsky, Juraj"]
[Black "Simunek, Matej"]
[Result "1-0"]
[WhiteElo "1411"]
[BlackElo "1275"]
[PlyCount "45"]
[EventDate "2020.08.15"]
[EventType "swiss"]
[EventRounds "9"]
[EventCountry "SVK"]
[SourceTitle "EXT 2021"]
[Source "ChessBase"]
[SourceDate "2020.10.23"]
[SourceVersion "1"]
[SourceVersionDate "2020.10.23"]
[SourceQuality "1"]

1. e4 e6 2. d4 d5 3. e5 c5 4. c3 Nc6 5. Nf3 Qb6 6. Bd3 Bd7 7. Bc2 f6 8. 0-0 cxd4 9. cxd4 fxe5 10. Nxe5 Qxd4 11. Qh5+ Ke7 12. Qf7+ Kd6 13. Qxd7+ Kxe5 14. Re1+ Qe4 15. Bxe4 dxe4 16. Nc3 Nf6 17. Qxb7 Bc5 18. Qxc6 Rac8 19. Qb5 Nd5 20. Nxe4 Bb6 21. Nc3+ Kd6 22. Nxd5 exd5 23. Bf4# 1-0